Modern Auditing
Gespeichert in:
| 1. Verfasser: | |
|---|---|
| Weitere Verfasser: | , |
| Format: | Buch |
| Sprache: | Englisch |
| Veröffentlicht: |
New York
Wiley
1989
|
| Ausgabe: | 4. ed. |
| Schlagworte: | |
| Tags: |
Keine Tags, Fügen Sie das erste Tag hinzu!
|
MARC
| LEADER | 00000nam a2200000 4500 | ||
|---|---|---|---|
| 001 | c012839 | ||
| 005 | 20221206131501.4 | ||
| 041 | 0 | |a eng | |
| 044 | |a US | ||
| 245 | 1 | 0 | |a Modern Auditing |c Walter G. Kell, Wiliam C. Boynton, Richard E. Ziegler |
| 250 | |a 4. ed. | ||
| 264 | 1 | |a New York |b Wiley |c 1989 | |
| 300 | |a 892 s. | ||
| 610 | 2 | 0 | |a audítorstvo |
| 610 | 2 | 0 | |a revízia finančná |
| 610 | 2 | 0 | |a revízia účtovná |
| 610 | 2 | 0 | |a účtovníctvo |
| 610 | 2 | 0 | |a kontrola vnútropodniková |
| 610 | 2 | 0 | |a evidencia |
| 610 | 2 | 0 | |a tržby |
| 610 | 2 | 0 | |a plánovanie finančné |
| 100 | 1 | |a Kell, Walter G. | |
| 700 | 1 | |a Boynton, Wiliam C. | |
| 700 | 1 | |a Ziegler, Richard E. | |